ចំណីស់សំរប់វារីវប្បកម្ម (Record no. 9891)

000 -LEADER
fixed length control field 00301nam a22001217a 4500
040 ## - CATALOGING SOURCE
Transcribing agency SK
082 ## - DEWEY DECIMAL CLASSIFICATION NUMBER
Classification number 639
100 ## - MAIN ENTRY--AUTHOR NAME
Personal name ម៉ែន សុខា
245 ## - TITLE STATEMENT
Title ចំណីស់សំរប់វារីវប្បកម្ម
260 ## - PUBLICATION, DISTRIBUTION, ETC. (IMPRINT)
Place of publication RUA
Name of publisher ម៉ែន
Year of publication 2012
300 ## - PHYSICAL DESCRIPTION
Number of Pages 44p.
942 ## - ADDED ENTRY ELEMENTS (KOHA)
Koha item type សៀវភៅភាសាខ្មែរ

No items available.

មជ្ឈមណ្ឌលឯការនៃសាកលវិទ្យាល័យភូមិន្ទកសិកម្មចំការដូង

Powered by Koha